5HLuxD.jpg

KING HENRY VIII SENIOR AND PRIMARY SCHOOL LIBRARY OPAC

Scaredy Boo! (Record no. 6102)

000 -LEADER
fixed length control field 00734nam a22002057a 4500
005 - DATE AND TIME OF LATEST TRANSACTION
control field 20260212082659.0
008 - FIXED-LENGTH DATA ELEMENTS--GENERAL INFORMATION
fixed length control field 260212b ||||| |||| 00| 0 eng d
020 ## - INTERNATIONAL STANDARD BOOK NUMBER
International Standard Book Number 9781445489827
040 ## - CATALOGING SOURCE
Transcribing agency KH8
082 ## - DEWEY DECIMAL CLASSIFICATION NUMBER
Classification number 823.92 FRE
100 ## - MAIN ENTRY--PERSONAL NAME
Personal name Freedman,Claire
Relator term Author
245 ## - TITLE STATEMENT
Title Scaredy Boo!
260 ## - PUBLICATION, DISTRIBUTION, ETC.
Place of publication, distribution, etc. Chartist House 15-17 Trim Street,Bath BA1 1HA,UK
Name of publisher, distributor, etc. Parragon Books Ltd
Date of publication, distribution, etc. 2014
300 ## - PHYSICAL DESCRIPTION
Extent 13 pages
Other physical details Colour illustration
Dimensions 24cm x 28cm
520 ## - SUMMARY, ETC.
Summary, etc. A little monster named Scaredy Boo lives all alone under a bed because he is afraid of everything, until he meets a friendly fellow named Spike. -Library Thing-
650 ## - SUBJECT ADDED ENTRY--TOPICAL TERM
Topical term or geographic name entry element Juvenile Literature
Form subdivision Monsters
655 ## - INDEX TERM--GENRE/FORM
Genre/form data or focus term Emotions
655 ## - INDEX TERM--GENRE/FORM
Genre/form data or focus term Picture Book
942 ## - ADDED ENTRY ELEMENTS (KOHA)
Source of classification or shelving scheme
Koha item type Books - Fiction
Holdings
Withdrawn status Lost status Source of classification or shelving scheme Damaged status Not for loan Collection code Permanent Location Current Location Shelving location Date acquired Total Checkouts Full call number Barcode Date last seen Date last checked out Price effective from Koha item type Public note
          Fiction KH8 Primary School Library KH8 Primary School Library Fiction 2026-02-12 2 823.92 FRE KHPL000008297 2026-04-15 2026-04-07 2026-02-12 Books - Fiction PRIMARY LIBRARY

Powered By KH8 IT Dept